000 00317nam a2200121Ia 4500
008 190723s9999 xx 000 0 und d
020 _a978-0-86037-561-6
100 _aAdil Salahi
245 0 _aMuhammad His Character and Conduct
260 _aLahore
_bIslamic Foundation.com
_c2013
300 _a285.:P
942 _cBK
999 _c1394
_d1394